| Tag |
First Indicator |
Second Indicator |
Subfields |
| LEADER |
00000ctm a2200000Ka 4500 |
| 001 |
in00004520213 |
| 005 |
20150715093031.0 |
| 008 |
120326s1989 xx a bm 000 0 ger d |
| 035 |
|
|
|a (OCoLC)ocn781640613
|
| 035 |
|
|
|a (OCoLC)781640613
|
| 035 |
|
|
|z (UtOrBLW)60292
|
| 035 |
|
|
|a 86604
|
| 040 |
|
|
|a IWA
|b eng
|c IWA
|d OCLCQ
|d UtOrBLW
|
| 049 |
|
|
|a TMVM
|
| 100 |
1 |
|
|a Pinsenschaum, Helmut.
|
| 245 |
1 |
0 |
|a Einfluss der Fütterung auf die postnatale Entwicklung der Struktur der gastralen Schleimhaut beim Hausschwein (Sus scrofa domestica) und beim Wildschwein (Sus scrofa) /
|c von Helmut Pinsenschaum.
|
| 264 |
|
1 |
|a [Place of publication not identified] :
|b [publisher not identified],
|c 1989.
|
| 300 |
|
|
|a ii, 119 pages :
|b illustrations ;
|c 21 cm
|
| 336 |
|
|
|a text
|b txt
|2 rdacontent
|
| 337 |
|
|
|a unmediated
|b n
|2 rdamedia
|
| 338 |
|
|
|a volume
|b nc
|2 rdacarrier
|
| 502 |
|
|
|b doctoral
|c Ludwig-Maximilians-Universität München
|d 1989.
|
| 500 |
|
|
|a Summary in English.
|
| 504 |
|
|
|a Includes bibliographical references.
|
| 994 |
|
|
|a C0
|b TMV
|
| 999 |
|
|
|a MARS
|
| 999 |
f |
f |
|s 48cac26c-f84e-39a0-981e-ef9b0e761b7c
|i 6bb0db9c-e5a4-3d1d-a3b1-c940843b8ada
|t 0
|
| 952 |
f |
f |
|p preservation
|a Texas A&M University
|b J.J. Pickle Campus
|c High Density Repository
|d Remote Storage
|t 0
|e German dissertations
|h Other scheme
|i unmediated -- volume
|m 3238902416533
|
| 998 |
f |
f |
|a German dissertations
|t 0
|l Remote Storage
|